|
|
|
|
| LEADER |
00000cam a2200000 a 4500 |
| 001 |
vtls010430315 |
| 003 |
SK-MaSNL |
| 005 |
20260301132716.0 |
| 008 |
240313s2012 xo g 000 1 slo |
| 015 |
|
|
|a SNBA2012/09-05045
|
| 020 |
|
|
|a 9788055129020
|q (viaz.)
|
| 035 |
|
|
|a E30AE76D-1DB1-43AB-A969-24BEED786063
|
| 035 |
|
|
|a urn:nbn:sk:snk-amjky9
|
| 035 |
|
|
|a urn:nbn:sk:snk-am002cng
|
| 040 |
|
|
|a SNK
|b slo
|c SNK
|e AACR2
|
| 041 |
1 |
|
|a slo
|h eng
|
| 044 |
|
|
|a xo
|c SK
|
| 072 |
|
7 |
|a 821.111(73)-3
|x Americká próza
|2 konspekt
|
| 080 |
|
|
|a 821.111(73)-31
|2 2001
|
| 100 |
1 |
|
|a Coleman, Rebecca,
|d 1976-
|4 aut
|9 49420
|
| 240 |
1 |
4 |
|a The kingdom of childhood
|l Slovensky
|
| 245 |
1 |
0 |
|a Kráľovstvo detstva
|c Rebecca Colemanová ; [z anglického originálu preložil Alojz Keníž]
|
| 260 |
|
|
|a Bratislava
|b Ikar
|c 2012
|
| 300 |
|
|
|a 270 s.
|c 21 cm
|
| 655 |
|
7 |
|a americké romány
|2 SNKPH
|9 1174
|
| 655 |
|
7 |
|a American fiction
|2 SNKPHeng
|9 281076
|
| 700 |
1 |
|
|a Keníž, Alojz,
|d 1952-
|4 trl
|9 92268
|
| 919 |
|
|
|a 978-80-551-2902-0
|
| 958 |
|
|
|a LX
|
| 958 |
|
|
|a UP
|
| 968 |
|
|
|b ENG
|d 821
|
| 999 |
|
|
|c 751713
|d 753643
|
| 952 |
|
|
|a SNK
|b SNK
|y PREZ
|7 0
|p 17A1017500
|o snkSC 150173
|i snk2012/12884
|8 0
|0 0
|1 0
|4 0
|d 2012-07-02
|l 0
|r 2025-07-18 00:00:00
|w 2026-02-23
|
| 952 |
|
|
|a SNK
|b SNK
|y PREZ
|7 0
|p 17A1033898
|o snkSC 150173 D1
|i snk2012/16412
|8 0
|0 0
|1 0
|4 0
|d 2012-08-16
|f 1
|l 0
|r 2026-02-23 23:35:24
|w 2026-02-23
|